| 000 | 00510nam a22001337a 4500 | ||
|---|---|---|---|
| 082 |
_a823 _bNAR/M |
||
| 100 | _aNARAYAN, R.K | ||
| 245 | _aMALGUDI LANDSCAPES | ||
| 260 |
_aDELHI _bPENGUIN BOOKS _c1992 |
||
| 300 | _a398 | ||
| 520 | _aIt is the story of Raja, a circus tiger, cruelly trained and treated by his owner, who escapes one day and terrorizes the people of Malgudi, and is befriended by a holy man, who rescrues him from the blood thirsty and terrified townsfolk. | ||
| 650 |
_aNOVEL _zINDIA |
||
| 942 | _cBK | ||
| 999 |
_c3624 _d3624 |
||